000
00269nam a22001097a 4500
041
_a
ENG
245
_a
Public Sector In India Changing Perspectibes
260
_a
Delhi
_b
Asian Institute Of Teansport Dev
_c
1994
300
_a
225
650
_a
GAE (15)
856
_u
GAE (15)
999
_c
2977
_d
2977